000 00330nam a2200145Ia 4500
008 230718s9999 xx 000 0 und d
041 _aEng.
082 _a3485491
_bKHO-C
100 _aKhokar, Anwar
245 0 _aCiviil law Cases
260 _aPakistan
_bCivil Law Cases
_c2015
300 _a456
650 _aLaw
999 _c30879
_d30879